Normal view
MARC view
- Interior decoration
Entry Geographic Name
001 - CONTROL NUMBER
- control field: 120468
003 - CONTROL NUMBER IDENTIFIER
- control field: NUST
005 - DATE AND TIME OF LATEST TRANSACTION
- control field: 20240215102555.0
008 - FIXED-LENGTH DATA ELEMENTS
- fixed length control field: 240215|| aca||aabn | a|a d
040 ## - CATALOGING SOURCE
- Original cataloging agency: NUST
- Transcribing agency: NUST
151 ## - HEADING--GEOGRAPHIC NAME
- Geographic name: Interior decoration
670 ## - SOURCE DATA FOUND
- Source citation: Work cat.: (NUST): Blackwell, Lewis, 120467, International interiors 2 :, 1990.
